Most Expensive Materials In The World - Statistics

General Stats
  • This quiz has been taken 54 times
  • The average score is 4 of 15
Answer Stats
$ Per Gram Material % Correct
$40 - $60 Gold
92%
$55,000 Diamond
72%
$60 Platinum
70%
$4,000 Plutonium
40%
$6.25 trillion Antimatter
26%
$27 million Californium
14%
$58 Rhodium
14%
$215 Cocaine
10%
$30,000 Tritium
8%
$130 Heroin
6%
$3,000 Lysergic Acid Diethylamide
6%
$100 Methamphetamine
6%
$9,000 Painite
6%
$110 Rhino Horn
6%
$20,000 Taaffeite Stone
6%
No matching quizzes found
Score Distribution
Percent of People with Each Score
Percentile by Number Answered
Your Score History
You have not taken this quiz